| 000 | 00545pam a2200217 a 4500 | ||
|---|---|---|---|
| 001 | 1389580 | ||
| 005 | 20180827073720.0 | ||
| 008 | 821222s1983 ilua 001 0 eng | ||
| 010 | _a 82024964 | ||
| 020 |
_a0835926257 : _c$22.95 |
||
| 040 |
_aDLC _cDLC _dDLC |
||
| 041 | _aeng | ||
| 080 | _a621.322 | ||
| 082 | 0 | 0 |
_a621.322 _219 |
| 100 | _a26 | ||
| 101 | _aeng | ||
| 245 | 1 | 2 | _aA complete guide to the language of lighting. |
| 740 | 0 | _aLanguage of lighting. | |
| 906 |
_a7 _bcbc _corignew _d1 _eocip _f19 _gy-gencatlg |
||
| 942 |
_2ddc _cBK |
||
| 999 |
_c47346 _d47346 |
||